| 000 | 01050pam a2200337 a 4500 | ||
|---|---|---|---|
| 999 |
_c2355 _d2355 |
||
| 001 | 014656593 | ||
| 003 | Uk | ||
| 005 | 20230420135547.0 | ||
| 008 | 080605s2008 enka j 000 1 eng d | ||
| 015 |
_aGBA882903 _2bnb |
||
| 016 | 7 |
_a014656593 _2Uk |
|
| 020 | _a9780746096567 | ||
| 040 |
_aStDuBDS _beng _cStDuBDS _dUk _dKH8 |
||
| 042 | _aukblcatcopy | ||
| 082 | 0 | 4 |
_a823.92 MAC _222 |
| 100 | 1 |
_aMackinnon, Mairi. _eAuthor |
|
| 245 | 1 | 4 |
_aThe mouse's wedding / _cretold by Mairi Mackinnon ; illustrated by Frank Endersby ; reading consultant, Alison Kelly. |
| 260 |
_aLondon : _bUsborne, _c2008. |
||
| 300 |
_a48 p. : _bcol. ill. ; _c21 cm. |
||
| 336 |
_atext _2rdacontent |
||
| 337 |
_aunmediated _2rdamedia |
||
| 338 |
_avolume _2rdacarrier |
||
| 490 | 0 | _aUsborne first reading, Level three | |
| 500 |
_aFormerly CIP. _5Uk |
||
| 650 | 0 |
_aFathers and daughters _vJuvenile fiction. |
|
| 655 | 7 |
_aFolklore. _2gsafd |
|
| 655 | 0 | _aChildren's stories. | |
| 700 | 1 |
_aEndersby, Frank. _eIllustrator |
|
| 700 | 1 | _aKelly, Alison. | |
| 942 |
_2ddc _cFIC |
||